Active element influence on the motor’s torque; MATEC Web of Conferences; Vol. 113 : Electromechanics and Robotics “Zavalishin’s Readings” - 2017

Detalles Bibliográficos
Parent link:MATEC Web of Conferences
Vol. 113 : Electromechanics and Robotics “Zavalishin’s Readings” - 2017.— 2017.— [01013, 5 p.]
Autor principal: Dolgikh A. G. Antonina Gennadievna
Autor Corporativo: Национальный исследовательский Томский политехнический университет
Otros Autores: Martemyanov V. M. Vladimir Mikhailovich, Borikov V. N. Valery Nikolaevich
Sumario:Title screen
The paper presents the numerical and experimental studies of the influence of the torque motor active element on the motor's torque. The tape active element is a novel type of a motor's stator organization, where the conventional winding is replaced by a tape winding. The force (torque) dependence over the rotor pole position using COMSOL is given; the tape winding resistance and the turns number are defined. The relative motor's characteristics are investigated and the maximum torque over the certain poles pair number is obtained. The application of the proposed active element in brushless DC motor is considered. The results show the possibility of the further synthesis of the torque motor.
Lenguaje:inglés
Publicado: 2017
Materias:
Acceso en línea:https://doi.org/10.1051/matecconf/201711301013
Formato: Electrónico Capítulo de libro
KOHA link:https://koha.lib.tpu.ru/cgi-bin/koha/opac-detail.pl?biblionumber=656532

MARC

LEADER 00000naa0a2200000 4500
001 656532
005 20260213155228.0
035 |a (RuTPU)RU\TPU\network\22973 
090 |a 656532 
100 |a 20171117d2017 k||y0engy50 ba 
101 0 |a eng 
135 |a drcn ---uucaa 
181 0 |a i  
182 0 |a b 
200 1 |a Active element influence on the motor’s torque  |f A. G. Dolgikh, V. M. Martemyanov, V. N. Borikov 
203 |a Text  |c electronic 
300 |a Title screen 
320 |a [References: 14 tit.] 
330 |a The paper presents the numerical and experimental studies of the influence of the torque motor active element on the motor's torque. The tape active element is a novel type of a motor's stator organization, where the conventional winding is replaced by a tape winding. The force (torque) dependence over the rotor pole position using COMSOL is given; the tape winding resistance and the turns number are defined. The relative motor's characteristics are investigated and the maximum torque over the certain poles pair number is obtained. The application of the proposed active element in brushless DC motor is considered. The results show the possibility of the further synthesis of the torque motor. 
461 0 |0 (RuTPU)RU\TPU\network\4526  |t MATEC Web of Conferences 
463 |t Vol. 113 : Electromechanics and Robotics “Zavalishin’s Readings” - 2017  |o 12th International Scientific-Technical Conference, St. Petersburg, Russia, April 18-22, 2017  |v [01013, 5 p.]  |d 2017 
610 1 |a электронный ресурс 
610 1 |a труды учёных ТПУ 
610 1 |a крутящий момент 
610 1 |a активные элементы 
610 1 |a двигатели 
700 1 |a Dolgikh  |b A. G.  |c specialist in the field of instrument engineering  |c engineer of Tomsk Polytechnic University  |f 1989-  |g Antonina Gennadievna  |3 (RuTPU)RU\TPU\pers\36869 
701 1 |a Martemyanov  |b V. M.  |c specialist in the field of instrument making  |c Associate Professor of Tomsk Polytechnic University, Candidate of technical sciences  |f 1949-  |g Vladimir Mikhailovich  |3 (RuTPU)RU\TPU\pers\32326 
701 1 |a Borikov  |b V. N.  |c specialist in the field of mechanical engineering  |c Associate Professor of Tomsk Polytechnic University, Candidate of technical sciences  |f 1963-  |g Valery Nikolaevich  |3 (RuTPU)RU\TPU\pers\31240  |9 15435 
712 0 2 |a Национальный исследовательский Томский политехнический университет  |c (2009- )  |9 26305 
801 0 |a RU  |b 63413507  |c 20171117  |g RCR 
850 |a 63413507 
856 4 |u https://doi.org/10.1051/matecconf/201711301013 
942 |c CF